000 00398nam a22001697a 4500
005 20160627094335.0
008 160627b xxu||||| |||| 00| 0 eng d
020 _a0-304-32904-9
041 _aeng
082 _b10341
100 _aJones, Peter
_92845
245 _aIntroduction to Hospitality Operations
260 _bCassell
_c1999
300 _a260
650 _aManagement
_9241
942 _cBK
999 _c4114
_d4113